000 01273nam a2200337 c 4500
003 BLK
005 20180422105254.0
008 180409b bul|||||r ||||||| ||bul||
010 _aKNG00104480000
020 _a954-8826-28-3
_bиздат.: Квазар
040 _aBLK
041 _aBUL
_cBUL
080 _aАмериканска литература (на САЩ)
_b821.111(73)
_x-312.9
_z821.111(73)-312.9
100 1 _aДжауит, Елайджа
_eпърви автор
_960587
700 1 _aПавлова, Елена
_eпрев. от англ.
_9365123
139 _aДжауит, Елайджа
_bД 49
245 1 0 _aСърцето на скиталеца отвъд
_cЕлайджа Джауит; прев. от англ. Елена Павлова.
257 _aUSA
260 София
_bКвазар
_c2002
_fСофия : Инвестпрес
300 _a477 с.
_c24 см
380 _aX
490 1 _aМагичен кристал
_v2
500 _aОриг. загл. The Wanderer's Heart Yonder / Elijah Jowitt. - Офс. изд.
653 _aфантастика
653 _aромани
852 _aЦб 213304
856 4 _qpdf
_u
856 4 _qpdf
_u
942 _cKNG
_n0
944 _aCR
_c01.01.2002
_kЛюдмила_Стоянова
944 _aED
_c31.05.2004
_k
999 _c99473
_d99473